[Event "CZE-ch U14 Girls"]
[Site "Teplice"]
[Date "2023.03.18"]
[Round "9"]
[White "Badova, Natalie"]
[Black "Kopecka, Libuse"]
[Result "0-1"]
[WhiteElo "1000"]
[BlackElo "1000"]
[PlyCount "84"]
[EventDate "2023.03.11"]
[EventType "swiss"]
[EventRounds "9"]
[EventCountry "CZE"]
[SourceTitle "CBM 213 Extra"]
[Source "ChessBase"]
[SourceDate "2023.05.31"]
[SourceVersion "1"]
[SourceVersionDate "2023.05.31"]
[SourceQuality "1"]

1. e4 e5 2. Nf3 Nc6 3. Nc3 Nf6 4. d3 Bb4 5. a3 Ba5 6. b4 Bb6 7. Bg5 h6 8. Be3 Bxe3 9. fxe3 0-0 10. Be2 d6 11. 0-0 Ng4 12. h3 Nxe3 13. Qe1 Nxf1 14. Qxf1 Nd4 15. Nxd4 exd4 16. Nd5 c6 17. Nf4 f5 18. Qf3 fxe4 19. dxe4 g5 20. Bc4+ d5 21. Be2 Rxf4 22. Qh5 Qf8 23. Qg6+ Qg7 24. Qxg7+ Kxg7 25. exd5 cxd5 26. g3 Re4 27. Kf2 Bxh3 28. Bf3 Rf8 29. g4 Bxg4 30. Rf1 Bxf3 31. Kg3 Be2 32. Rxf8 Kxf8 33. a4 Bd1 34. a5 Bxc2 35. Kf3 Re8 36. Kg4 d3 37. Kg3 d2 38. Kf2 d1Q 39. Kg3 Qd4 40. Kg2 Re3 41. Kh2 Qd2+ 42. Kg1 Re1# 0-1

[Event "CZE-ch U14 Girls"]
[Site "Teplice"]
[Date "2023.03.14"]
[Round "5"]
[White "Martinkovicova, Nela"]
[Black "Badova, Natalie"]
[Result "1-0"]
[WhiteElo "1207"]
[BlackElo "1000"]
[PlyCount "61"]
[EventDate "2023.03.11"]
[EventType "swiss"]
[EventRounds "9"]
[EventCountry "CZE"]
[SourceTitle "CBM 213 Extra"]
[Source "ChessBase"]
[SourceDate "2023.05.31"]
[SourceVersion "1"]
[SourceVersionDate "2023.05.31"]
[SourceQuality "1"]

1. c4 c6 2. Nc3 Nf6 3. g3 e5 4. Bg2 Bb4 5. d3 Bxc3+ 6. bxc3 d5 7. Bg5 Nbd7 8. cxd5 cxd5 9. Bxd5 h6 10. Bxf6 Nxf6 11. Bg2 0-0 12. Nf3 Bg4 13. Nxe5 h5 14. Nxg4 Nxg4 15. h3 Ne5 16. 0-0 h4 17. Rb1 Rb8 18. Rxb7 Rxb7 19. Bxb7 hxg3 20. d4 Nc4 21. Qd3 Na5 22. Be4 g6 23. fxg3 f5 24. Bg2 g5 25. Rxf5 Rxf5 26. Qxf5 g4 27. Bd5+ Kg7 28. Qxg4+ Kf8 29. Qg8+ Ke7 30. Qe6+ Kf8 31. Qf7# 1-0

[Event "CZE-ch U14 Girls"]
[Site "Teplice"]
[Date "2023.03.13"]
[Round "3"]
[White "Badova, Natalie"]
[Black "Krisicova, Neli"]
[Result "0-1"]
[WhiteElo "1000"]
[BlackElo "1049"]
[PlyCount "114"]
[EventDate "2023.03.11"]
[EventType "swiss"]
[EventRounds "9"]
[EventCountry "CZE"]
[SourceTitle "CBM 213 Extra"]
[Source "ChessBase"]
[SourceDate "2023.05.31"]
[SourceVersion "1"]
[SourceVersionDate "2023.05.31"]
[SourceQuality "1"]

1. d4 Nf6 2. Nf3 e6 3. e3 d5 4. Bb5+ Bd7 5. Bxd7+ Nbxd7 6. 0-0 c5 7. c3 Bd6 8. Ne5 cxd4 9. Qa4 Bxe5 10. exd4 Bd6 11. Bg5 Be7 12. Nd2 0-0 13. c4 Nb6 14. Qb3 dxc4 15. Nxc4 Nxc4 16. Qxc4 Rc8 17. Qe2 Qxd4 18. Rad1 Qc4 19. Qxc4 Rxc4 20. b3 Rc2 21. a4 Rd8 22. Bxf6 Bxf6 23. Rxd8+ Bxd8 24. h3 Kf8 25. Rd1 Bb6 26. Kf1 Rxf2+ 27. Kg1 Rd2+ 28. Kf1 Rxd1+ 29. Ke2 Rd7 30. b4 Ke7 31. a5 Bd4 32. Kd3 e5 33. b5 Kf6 34. g4 Kg5 35. Ke4 h5 36. gxh5 Kxh5 37. a6 bxa6 38. bxa6 Rd6 39. Kf3 f5 40. Kg2 e4 41. Kf1 Rxa6 42. Ke2 Ra3 43. Kd2 e3+ 44. Ke2 Ra2+ 45. Kd3 e2 46. Kxd4 e1Q 47. Kc4 Ra5 48. Kb3 Qe4 49. Kc3 Ra3+ 50. Kb2 Qb4+ 51. Kc2 Rc3+ 52. Kd2 Qd4+ 53. Ke1 Re3+ 54. Kf2 Qf4+ 55. Kg2 Rg3+ 56. Kh1 Qf1+ 57. Kh2 Rg2# 0-1

[Event "CZE-ch U14 Girls"]
[Site "Teplice"]
[Date "2023.03.11"]
[Round "1"]
[White "Badova, Natalie"]
[Black "Lackova, Ludmila"]
[Result "0-1"]
[WhiteElo "1000"]
[BlackElo "1414"]
[PlyCount "114"]
[EventDate "2023.03.11"]
[EventType "swiss"]
[EventRounds "9"]
[EventCountry "CZE"]
[SourceTitle "CBM 213 Extra"]
[Source "ChessBase"]
[SourceDate "2023.05.31"]
[SourceVersion "1"]
[SourceVersionDate "2023.05.31"]
[SourceQuality "1"]

1. e4 e5 2. Nc3 Nf6 3. Nf3 Bb4 4. Bc4 d6 5. 0-0 Bxc3 6. dxc3 0-0 7. Bg5 Bg4 8. h3 Bh5 9. Bxf6 Qxf6 10. Qd5 Nc6 11. a4 Bxf3 12. gxf3 Qxf3 13. h4 Qg4+ 14. Kh1 Qxh4+ 15. Kg1 Ne7 16. Qd1 Ng6 17. Bd5 Nf4 18. Qf3 Qg5+ 19. Kh2 Nxd5 20. exd5 Qh4+ 21. Kg2 f5 22. Rh1 Qg5+ 23. Qg3 Qxg3+ 24. fxg3 Rae8 25. Raf1 f4 26. Rh3 fxg3 27. Rxf8+ Rxf8 28. Rxg3 Rf4 29. b4 g6 30. a5 Kg7 31. b5 a6 32. bxa6 bxa6 33. Rd3 h5 34. Rd1 g5 35. Rb1 Rc4 36. Rb7 Rc5 37. c4 Kf6 38. Rb1 Rxa5 39. Rf1+ Kg6 40. Rf8 Rc5 41. Kg3 h4+ 42. Kh3 Rxc4 43. Rg8+ Kf5 44. Rf8+ Ke4 45. Kg4 Kxd5+ 46. Kxg5 h3 47. Rh8 Rc3 48. Rxh3 Rxh3 49. c4+ Kxc4 50. Kg4 Rh8 51. Kf3 a5 52. Ke3 a4 53. Kd2 Rh3 54. Kc2 Rh2+ 55. Kb1 Kc3 56. Ka1 Kb3 57. Kb1 Rh1# 0-1